000 00593nam a22002177a 4500
005 20220920133243.0
008 220920b ||||| |||| 00| 0 eng d
040 _cAL
041 _aEnglish
082 _223
_a657.42
_bADIC
100 _aK S Adiga
_958003
245 _aCost Accounting
260 _aUdupi
_bShubha Prakashana
_c2022
300 _a306 p.
_bPB
_c21x13 cm.
365 _a4296
_b₹212.00
_c
_d₹265.00
_e20%
_f17-09-2022
650 _aB Com III Sem
_958004
650 _aNEP
_958005
650 _aCost Accounting
_958006
700 _aADIGA (K S)
_958007
942 _2ddc
_cBK
999 _c224624
_d224624